000 00298nam a22001337a 4500
008 170829b xxu||||| |||| 00| 0 eng d
020 _a9780072416466
041 _aeng
080 _25TH
_a070
100 _a39
101 _aMED
245 _aMASS MEDIA MASS CULTURE
_cWILSON,J,R
942 _2udc
_cBK
999 _c25232
_d25232